[Event "EWCCC Online Final 2020"]
[Site "Online"]
[Date "2020.12.21"]
[Round "8.5"]
[White "Arabidze, Meri"]
[Black "Bodnaruk, Anastasia"]
[Result "0-1"]
[WhiteElo "2437"]
[BlackElo "2423"]
[Annotator "TA"]
[PlyCount "100"]
[EventDate "2020.12.19"]
[EventType "team-tourn"]
[EventCountry "NET"]
[SourceTitle "playchess.com"]
[Source "ChessBase"]
[SourceQuality "1"]

{[%evp 16,100,11,-14,-14,-15,-9,-21,-6,-17,-15,-50,-28,-22,-29,-21,-20,-10,-24,-21,0,0,0,-21,6,-30,-43,-26,-38,-19,-31,-218,-216,-364,-341,-387,-152,-145,-154,-165,-136,-167,-164,-162,-168,-225,-221,-215,-218,-260,-260,-259,-252,-250,-252,-258,-237,-252,-253,-246,-253,-251,-247,-264,-262,-277,-253,-268,-253,-253,-253,-273,-273,-288,-287,-287,-291,-286,-287,-284,-293,-341,-331,-358,-358,-432,-418]} 1. Nf3 Nf6 2. b3 g6 3. Bb2 Bg7 4. g3 c5 5. c4 d6 6. Bg2 e5 7. O-O O-O 8. d3 Nc6 9. Nbd2 h6 {A05: Réti Opening: 1 Nf3 Nf6.} 10. a3 Be6 11. e3 {[#]} Qd7 $146 {The position is equal.} ({Predecessor:} 11... Nd7 12. Qc2 f5 13. Rfe1 Bf7 14. h3 Qc7 15. Nh2 Nf6 16. Rad1 Rad8 17. Nb1 b6 18. Bxc6 Qxc6 {0-1 (34) Jantzen,H (2179)-Urban,R (2071) Hamburg 2017}) 12. Re1 Bh3 13. Bh1 Nh7 14. b4 cxb4 15. axb4 Nxb4 16. Qb3 Nc6 17. Ne4 Nf6 18. Nfd2 Rfd8 19. Ba3 Qc7 20. Bxd6 Rxd6 21. Nxd6 Qxd6 22. Qxb7 {[%mdl 64] Double Attack} Rc8 23. Ra6 $2 {Loses the game.} (23. Bxc6 $15 Qxc6 24. Qxc6 Rxc6 25. Rxa7) 23... Qxd3 $19 24. Nb3 (24. Ra2 {was called for.} e4 25. Qb1) 24... Nd8 25. Qb4 Qxc4 $2 (25... Bf8 $19 26. Qb5 Ne6 27. Qxe5 Ng4) 26. Qxc4 $17 Rxc4 $40 {[%mdl 128] Black is out for blood.} 27. Rxa7 Ne6 28. Bg2 Bxg2 $1 29. Kxg2 Rc2 {Hoping for ...Ng4.} 30. Nc1 {[#]} (30. Ra4 $142) 30... Ng4 $1 $19 31. Ra2 {[#]} Nxe3+ $1 {[%mdl 512]} 32. Kg1 (32. Rxe3 Rxc1) 32... Rxa2 33. Nxa2 Nc2 34. Rb1 Bf8 35. Nc3 Nc5 36. Nd5 Kg7 37. Kg2 Nd4 38. Rb8 Nce6 39. Ne3 e4 40. Nc4 f5 41. Ne5 {and the idea Rb7+ leaves White hopeful.} Bd6 42. Rb7+ {[#]} Bc7 $1 43. Nc4 g5 44. Ne3 {With the idea Nd5.} Kg6 45. Nd5 Bd6 46. Rb6 Bc5 47. Ra6 Kf7 48. Ra5 f4 49. gxf4 gxf4 50. Kh3 Kg6 {Weighted Error Value: White=0.26/Black=0.12} 0-1

[Event "EWCCC Online Final 2020"]
[Site "Online"]
[Date "2020.12.21"]
[Round "8.5"]
[White "Salimova, Nurgyul"]
[Black "Daulyte-Cornette, Deimante"]
[Result "1-0"]
[WhiteElo "2397"]
[BlackElo "2400"]
[Annotator "TA"]
[PlyCount "101"]
[EventDate "2020.12.19"]
[EventType "team-tourn"]
[EventCountry "NET"]
[SourceTitle "playchess.com"]
[Source "ChessBase"]
[SourceQuality "1"]

{[%evp 9,101,26,35,29,14,0,0,0,0,0,0,0,0,0,-9,0,7,0,41,0,15,-20,-18,-20,-14,-24,-14,-91,0,0,10,10,14,8,0,0,0,13,97,52,74,74,74,76,133,136,142,145,895,887,898,906,2450,586,570,560,537,534,1772,1322,915,722,3840,1256,1120,729,794,655,1782,834,29983,29980,29983,29981,29987,29981,29981,29982,29981,29982,29974,29958,29974,29976,29973,29974,29974,29972,7395,6722,29985,29986,29986,29987]} 1. d4 d5 2. Nf3 Nf6 3. c4 e6 4. g3 dxc4 5. Bg2 Bd7 6. O-O {[%mdl 1024] White has compensation. E04: Open Catalan: 5 Nf3.} Bc6 7. Nbd2 b5 8. Qc2 {The position is equal.} Be7 9. b3 cxb3 10. axb3 O-O {[#]} 11. Ba3 $146 ({Predecessor:} 11. Bb2 Bb7 12. Rfc1 Nc6 13. Ng5 Nb4 14. Qxc7 Bxg2 15. Qxd8 Rfxd8 16. Kxg2 e5 17. Ngf3 exd4 18. Nxd4 {1-0 (31) Sargissian,G (2676)-Galopoulos,N (2429) Tallinn 2019}) 11... Bb7 12. Rfc1 Bxa3 13. Rxa3 Qe7 14. Ra5 (14. Qc5 $5 {[%cal Rc5e7]} Qxc5 15. Rxc5 $14) 14... Qb4 15. Raa1 ({Much weaker is} 15. Qxc7 Na6 $17) 15... Rc8 16. e4 Nbd7 17. e5 Nd5 ({Of course not} 17... Ng4 18. Ng5 $14) 18. Ng5 (18. Qd3 $11) 18... Nf8 (18... g6 $17 19. Ngf3 c5) 19. Qd3 $11 c5 20. dxc5 Rxc5 21. Rxc5 Qxc5 22. Nde4 $36 {[%mdl 2048] White has good play.} Qe7 $1 23. Qxb5 {Black must now prevent Nd6.} Nb6 (23... h6 $11 {keeps the balance.} 24. Nf3 a6) 24. h4 h6 {[#]} 25. Nxf7 $1 {[%mdl 512] aiming for Nfd6.} Bxe4 ({Much worse is} 25... Qxf7 $6 26. Nd6 $18) 26. Bxe4 Qxf7 (26... Kxf7 $142 27. Bxa8 Nxa8) 27. Bxa8 $16 Nxa8 28. Qb8 $1 {[%csl LRa7,LRa8]} Qf3 $2 {[%mdl 8192] This move loses the game for Black.} (28... Nb6 $16) 29. Qxa7 $18 Qxb3 30. Qxa8 {[%mdl 4096] Endgame KQR-KQN} Qc3 31. Qa5 (31. Ra3 $142 Qxe5 32. Rf3 Qe1+ 33. Kh2) 31... Qd4 32. Re1 Kh7 33. Qa8 Qc3 34. Re3 Qc1+ 35. Kg2 Nd7 36. Qe4+ (36. Rd3 $142 Qc7 37. Rd6) 36... Kg8 37. Rd3 Qc7 38. Rd6 Nc5 39. Qc6 (39. Qa8+ $142 Kh7 40. h5 Qb7+ 41. Qxb7 Nxb7 42. Rxe6) 39... Qa7 40. h5 Kh7 41. Rd8 Qe7 42. Qc8 {[%csl Gc8][%cal Rd8h8]} Qb7+ 43. Qxb7 Nxb7 {KR-KN} 44. Rc8 Na5 45. Re8 Nc4 46. Rxe6 Kg8 47. f4 Kf7 48. Rg6 Ne3+ 49. Kf3 Nf5 50. Ke4 Ne7 51. Ra6 {Weighted Error Value: White=0.47/Black=0.21} 1-0

[Event "EWCCC Online Final 2020"]
[Site "Online"]
[Date "2020.12.21"]
[Round "9.1"]
[White "Javakhishvili, Lela"]
[Black "Zawadzka, Jolanta"]
[Result "0-1"]
[WhiteElo "2473"]
[BlackElo "2399"]
[Annotator "TA"]
[PlyCount "78"]
[EventDate "2020.12.19"]
[EventType "team-tourn"]
[EventCountry "NET"]
[SourceTitle "playchess.com"]
[Source "ChessBase"]
[SourceQuality "1"]

{[%evp 12,78,0,-8,8,0,18,5,18,23,25,27,22,22,29,29,18,0,0,0,0,0,0,-2,-8,-180,-191,-195,-214,-209,-201,-196,-129,-129,40,50,59,29,76,75,210,-101,-89,-75,-83,-76,-47,-47,-47,-92,-81,-77,-84,-140,-139,-387,-365,-29980,-29981,-29981,-29982,-29987,-29988,-29988,-29989,-29989,-29990,-29992,-29993]} 1. d4 d5 2. c4 e6 3. Nc3 Bb4 4. Nf3 Nf6 5. Qa4+ Nc6 6. a3 Bxc3+ 7. bxc3 O-O {D38: Queen's Gambit Declined: Ragozin Defence (4 Nf3 Bb4).} 8. Bg5 h6 9. Bh4 g5 {The position is equal.} 10. Bg3 Ne4 11. e3 Nxc3 12. Qc2 Ne4 13. Bd3 f5 {[#]} 14. Ne5 $146 ({Predecessor:} 14. O-O Rb8 15. Rab1 Bd7 16. Rfc1 Nxg3 17. hxg3 Qe7 18. cxd5 exd5 19. Qa2 Be6 20. Rc5 {1-0 (53) Girya,O (2458)-Ju,W (2583) Teheran 2017}) 14... f4 15. Bxe4 dxe4 16. Qxe4 Qf6 $1 ({Don't play} 16... Nxe5 $6 17. dxe5 Rf5 18. exf4 $16) 17. exf4 gxf4 18. Bh4 $2 (18. O-O $11 {and White stays safe.}) 18... Qxh4 $19 19. Qg6+ Kh8 {White must now prevent ...Nxe5.} 20. Nf7+ {[#]} Rxf7 $1 21. Qxf7 Qe7 ({Stronger than} 21... Nxd4 22. Qf8+ Kh7 23. Qf7+ Kh8 24. Qf8+ Kh7 25. Qf7+ Kh8 $11) ({Black should play} 21... Qg5 $19 22. O-O-O e5 23. Qf8+ Kh7 24. Qf7+ Kh8 25. Qf8+ Kh7 26. Qf7+ Qg7 27. Qxg7+ Kxg7 28. dxe5 Be6) 22. Qxf4 $17 e5 $2 (22... Qg7 $17 23. Rd1 Bd7) 23. Qxh6+ $14 Kg8 24. Qg6+ Kf8 25. O-O $1 {And now d5 would win.} Nxd4 {[#]} (25... Qg7 $16 {was necessary.} 26. Qxg7+ Kxg7) 26. Rae1 $2 (26. f4 $1 $18 {[%cal Rf4e5]} e4 27. f5) 26... Bf5 $17 27. Qh6+ {[#]} Kf7 $1 28. Re3 Rg8 29. Qh5+ Bg6 30. Qd1 Qf6 31. Rfe1 e4 $36 {[%mdl 2048] Black has strong initiative.} 32. Qa4 (32. c5 $142) 32... Bf5 {...Nf3+ is the strong threat.} 33. Rg3 $2 {[#]} (33. Qa5 $17 {was the only defense.}) 33... Ne2+ $1 $19 {[%mdl 576] Double Attack} 34. Kf1 $2 (34. Kh1 $19 Nxg3+ 35. fxg3) (34. Rxe2 Qa1+) 34... Nxg3+ {Black mates.} 35. hxg3 Rh8 36. Qb3 Rh1+ 37. Ke2 Bg4+ 38. f3 exf3+ 39. gxf3 Qe5+ {Accuracy: White = 53%, Black = 71%.} 0-1

[Event "EWCCC Online Final 2020"]
[Site "Online"]
[Date "2020.12.21"]
[Round "9.1"]
[White "Mkrtchian, Lilit"]
[Black "Kubicka, Anna"]
[Result "0-1"]
[WhiteElo "2388"]
[BlackElo "2256"]
[Annotator "TA"]
[PlyCount "144"]
[EventDate "2020.12.19"]
[EventType "team-tourn"]
[EventCountry "NET"]
[SourceTitle "playchess.com"]
[Source "ChessBase"]
[SourceQuality "1"]

{[%evp 21,144,25,57,57,59,51,62,43,51,47,72,66,196,210,245,260,271,278,286,283,306,302,309,269,285,206,207,193,191,142,181,152,190,139,156,101,72,0,0,0,0,0,0,0,0,0,0,-21,-8,-18,-18,-24,-6,-34,-33,-37,-36,-37,-43,-47,-7,-8,0,0,0,-17,-18,-16,-15,-16,-17,-17,-17,-17,-25,-29,-14,-15,-5,-1270,-1218,-1454,-1454,-1433,-1399,-1381,-1373,-1341,-1336,-1211,-1211,-1016,-970,-29975,-29973,-29974,-29975,-29975,-29975,-29975,-29976,-29976,-29977,-29977,-29978,-29978,-29979,-29979,-29980,-29980,-29981,-29981,-29982,-29982,-29983,-29985,-29983,-29983,-29982,-29982,-29983,-29983,-29984,-29984,-29985]} 1. Nf3 Nf6 2. c4 g6 3. Nc3 Bg7 4. e4 O-O 5. d4 d6 6. Be2 e5 7. O-O Nc6 8. d5 Ne7 9. b4 a5 10. bxa5 {is now more promising than 10.Ba3.} Rxa5 11. a4 Nd7 12. Nd2 {E97: King's Indian: Classical Main Line (6...e5 7 0-0 Nc6): 8 Be3 and 8 d5 Ne7, not 9 Ne1.} Nc5 13. Nb3 Nxb3 14. Qxb3 {White is slightly better.} f5 15. Bd2 Ra8 16. f3 f4 {[#]} (16... fxe4 $14 17. fxe4 Kh8) 17. c5 $1 $18 {[%mdl 512]} g5 (17... dxc5 18. d6+) 18. Nb5 {[%cal Bc3b5,Bb5c7,Bc7e6][%mdl 32] [#]} Ng6 $146 ({Predecessor:} 18... Rf6 19. Rfc1 Bf8 20. cxd6 cxd6 21. Nc7 Rb8 22. a5 Bd7 23. Rab1 Nc8 24. Na6 Ra8 25. Qxb7 {1-0 (31) Mrva,M (2507)-Chinasamy,D (2200) Mallorca 2004}) 19. Bb4 Rf6 20. Rfc1 Bd7 21. cxd6 cxd6 22. Nc7 Rc8 23. Ba5 g4 24. Bb6 ({But not} 24. Qxb7 $6 gxf3 25. Bxf3 (25. gxf3 Nf8 $16) 25... Rf7) 24... gxf3 25. Ne6 Qe8 26. Bxf3 Rxc1+ 27. Rxc1 Bxa4 28. Qc4 ({White should try} 28. Qa3) 28... Bd7 $16 29. Bf2 (29. Nxg7 $16 Kxg7 30. Qc7) 29... Bxe6 $11 30. dxe6 Qxe6 31. Be2 {Qxe6+ is the strong threat.} (31. Qb4 {with more complications.} Qd7 32. Qb6 Rf7 33. h3 Kh8 34. Bg4) 31... Qxc4 32. Bxc4+ Kh8 33. Rb1 Rf8 34. Rxb7 Rc8 35. Bf1 Bf6 36. Rb1 Bh4 37. Ba7 Kg7 38. Rb7+ Kh6 39. Rd7 Rc6 40. Bf2 Bxf2+ 41. Kxf2 $15 {[%mdl 4096] Endgame KRB-KRN} Rc2+ 42. Be2 Rd2 43. Ke1 Rd4 44. Bf3 Nh4 45. Ke2 Kg6 46. g3 Nxf3 47. Kxf3 $11 {KR-KR} Rd3+ 48. Kf2 fxg3+ 49. hxg3 h5 50. Ke2 $2 {[%mdl 8192] [#]} (50. Rd8 $11) 50... Rxg3 $19 51. Rxd6+ Kg5 52. Rd8 Kf4 53. Rh8 Rh3 54. Kf2 Kxe4 55. Kg2 Rh4 56. Kg3 Rg4+ 57. Kh3 Rg5 {Black mates.} 58. Kh4 Rg1 59. Ra8 Kf4 {[%cal Rg1h1]} 60. Rf8+ Ke3 61. Kxh5 {Cut Off at move 61} e4 62. Kh4 Ke2 63. Kh3 e3 64. Kh2 Rg7 65. Re8 Kf2 {[%cal Rg7h7]} 66. Rf8+ Ke1 67. Re8 e2 68. Re6 Rg4 69. Kh3 Rd4 70. Kg2 Kd2 71. Kf2 Rf4+ 72. Kg3 Rf1 {Quite a comeback for Black.  Weighted Error Value: White=0.44/Black=0.10} 0-1

[Event "EWCCC Online Final 2020"]
[Site "Online"]
[Date "2020.12.21"]
[Round "9.1"]
[White "Kulon, Klaudia"]
[Black "Ambartsumova, Karina"]
[Result "0-1"]
[WhiteElo "2347"]
[BlackElo "2382"]
[Annotator "TA"]
[PlyCount "90"]
[EventDate "2020.12.19"]
[EventType "team-tourn"]
[EventCountry "NET"]
[SourceTitle "playchess.com"]
[Source "ChessBase"]
[SourceQuality "1"]

{[%evp 9,90,36,75,75,62,48,43,22,29,3,25,34,33,38,35,41,45,36,127,0,197,112,189,200,450,463,453,442,431,448,443,437,450,435,488,347,287,219,206,151,134,108,118,112,144,118,118,126,585,570,546,468,583,576,604,604,604,354,604,587,572,518,515,515,504,489,445,0,426,403,509,511,486,486,479,479,447,414,543,-6514,-6112,-5210,-5173]} 1. d4 Nf6 2. Bg5 Ne4 3. h4 c5 4. d5 Nxg5 5. hxg5 e6 6. Nf3 {[#] A45: Trompowsky Attack.} Be7 $146 ({Predecessor:} 6... exd5 7. Qxd5 Qb6 8. Nc3 Qxb2 9. Qe5+ Be7 10. Nd5 Qxe5 11. Nxe5 Bd8 12. g6 fxg6 13. Nxg6 {1-0 (28) Dmitrenko,V (2367)-Szieberth,A (2321) Lipetsk 2007}) 7. Qd2 d6 8. dxe6 {White is slightly better.} Bxe6 9. Nc3 d5 10. e3 Nc6 11. O-O-O {[%cal Rc3d5]} d4 $1 {[%cal Rd4c3]} 12. exd4 cxd4 13. Nb5 $1 {[%cal Rb5d4]} Rc8 ({Black should play} 13... Qb6 $14) 14. g6 (14. Nfxd4 $16 {Threatens to win with Qe3.} Nxd4 15. Nxd4 Bxa2 16. Bb5+ Kf8 17. Qe3) 14... fxg6 $2 (14... O-O $1 $11) 15. Nbxd4 (15. Nfxd4 $18 Nxd4 16. Nxd4) 15... Nxd4 (15... Bf7 $16) 16. Nxd4 $18 Bf7 $2 (16... Bd7) 17. Bb5+ Kf8 {[#]} 18. Ne6+ $1 {[%mdl 576] Discovered Attack} Bxe6 19. Qf4+ Bf6 20. Rxd8+ Rxd8 21. Re1 Bf7 22. g4 h6 {aiming for ...Bg5.} 23. Qb4+ Kg8 24. f4 {Bc4 is the strong threat.} Rd4 25. Qc5 {Strongly threatening Be8.} Rxf4 26. Rf1 $36 {[%mdl 2048] White is really pushing.} Re4 27. Bd3 Re5 28. Qxa7 Bd5 $2 {[%mdl 8192]} (28... Re7 $16 {is more resistant.}) 29. Bxg6 Bf7 30. Bd3 Re7 31. a4 Bg5+ 32. Kb1 g6 33. b3 Kg7 $2 (33... Kh7 34. Qc5 Rhe8) 34. Qd4+ Kh7 35. Bc4 Bxc4 36. Qxc4 {Intending Rf7+ and mate.} Kg7 37. Qd4+ Kh7 38. Qc4 {White wants to mate with Rf7+.} Kg7 $1 39. Rd1 Rhe8 40. Qb5 Bf6 41. Rd7 Rxd7 42. Qxd7+ {[%mdl 64] [#] Double Attack} Re7 43. Qd1 Bc3 {White must now prevent ...Re1!} 44. b4 $4 {[%mdl 8192]} (44. Ka2 $18 Rc7 45. Qd3) 44... Re1 $19 45. Qxe1 Bxe1 {What a bad dream for White.  Weighted Error Value: White=0.67/Black=0.61} 0-1

[Event "EWCCC Online Final 2020"]
[Site "Online"]
[Date "2020.12.21"]
[Round "9.1"]
[White "Sliwicka, Alicja"]
[Black "Daulyte-Cornette, Deimante"]
[Result "0-1"]
[WhiteElo "2333"]
[BlackElo "2400"]
[Annotator "TA"]
[PlyCount "98"]
[EventDate "2020.12.19"]
[EventType "team-tourn"]
[EventCountry "NET"]
[SourceTitle "playchess.com"]
[Source "ChessBase"]
[SourceQuality "1"]

{[%evp 14,98,26,19,26,33,23,22,36,34,37,33,31,10,21,20,82,-19,-12,-112,-93,-107,-102,-89,-90,-108,-10,-129,-131,-135,-113,-139,-141,-139,-137,-133,-127,-264,-250,-275,-269,-277,-268,-268,-270,-264,-268,-305,-312,-421,-358,-941,-909,-1715,-805,-29990,-29991,-29990,-29980,-29980,-29981,-29981,-29982,-29982,-29983,-29983,-29984,-29984,-29985,-29984,-29985,-29987,-29988,-29988,-29988,-29992,-29993,-29993,-29993,-29994,-29992,-29992,-29993,-29993,-29994,-29994,-29992]} 1. e4 c5 2. Nf3 Nc6 3. d4 cxd4 4. Nxd4 e5 5. Nb5 d6 6. c4 Be6 7. N1c3 a6 8. Na3 g6 $1 {[%mdl 4] outshines the older 8...Be7. B32: Sicilian: Löwenthal and Kalashnikov Variations.} 9. Nc2 Bg7 10. Be2 Nf6 {The position is equal.} 11. Bg5 O-O 12. O-O {[#]} Rc8 $146 ({Predecessor:} 12... Qd7 13. Qd2 Rfe8 14. Rad1 Rad8 15. b4 Qc7 16. Nd5 Bxd5 17. Bxf6 Bxf6 18. cxd5 Nd4 19. Nxd4 exd4 {0-1 (35) Carro Bonet,J (1667)-Villa Caiguelas,P (1761) Llinars del Valles 2011}) 13. Rc1 h6 14. Be3 Na5 (14... Ne7 $11 {remains equal.}) 15. Qd2 (15. b3 $16) 15... Bxc4 16. Bxh6 (16. Nb4 $11) 16... Bxh6 17. Qxh6 Bxe2 18. Nxe2 Nxe4 19. h4 Qf6 (19... d5 $17 {Threatens to win with ...d4.} 20. b3 Nc6) 20. Nb4 (20. f3 $11 {keeps the balance.} Nc5 21. b4) 20... Rxc1 $17 21. Nxc1 Nc6 22. Nd5 Qg7 23. Qe3 Nf6 $36 {[%mdl 2048] Black has strong initiative.} 24. Rd1 Nd4 25. Ne7+ {[#] Now White is beyond hope.} (25. Nxf6+ $17 {keeps fighting.} Qxf6 26. Nb3) 25... Kh7 $1 $19 26. Nb3 {[#]} Re8 $1 27. Nxd4 exd4 ({Less strong is} 27... Rxe7 28. Nf3 $15) 28. Rxd4 Qf8 29. Nxg6 fxg6 30. Qf4 d5 31. f3 Qe7 32. Rb4 $2 (32. b3) 32... Nh5 33. Qg4 b5 (33... Qc7 $142 34. Rb3 Re1+ 35. Kf2 Rc1) 34. a4 Qc5+ {Black mates.} 35. Kh2 Qd6+ 36. Kg1 Re1+ 37. Kf2 Qe7 {[%csl Ge1][%cal Re7e3]} 38. Re4 dxe4 39. Kxe1 exf3+ 40. Kd2 Qe2+ {[%mdl 64] Double Attack} 41. Kc3 Qe1+ 42. Kb3 f2 43. Qd7+ Ng7 44. h5 f1=Q 45. hxg6+ Kxg6 46. Qg4+ Kf6 47. Qd4+ Qe5 48. Qd8+ Kg6 49. Qb6+ Qe6+ {Accuracy: White = 46%, Black = 81%.} 0-1

[Event "EWCCC Online Final 2020"]
[Site "Online"]
[Date "2020.12.21"]
[Round "9.2"]
[White "Khademalsharieh, Sarasadat"]
[Black "Gunina, Valentina"]
[Result "0-1"]
[WhiteElo "2494"]
[BlackElo "2451"]
[Annotator "TA"]
[PlyCount "130"]
[EventDate "2020.12.19"]
[EventType "team-tourn"]
[EventCountry "NET"]
[SourceTitle "playchess.com"]
[Source "ChessBase"]
[SourceQuality "1"]

{[%evp 15,130,26,23,18,23,19,21,13,13,0,14,23,25,0,0,0,-10,-42,-33,-20,-19,-38,-22,-45,40,-111,-48,-52,-58,-193,-152,-158,-156,-158,-143,-306,-258,-253,-237,-235,-231,-251,-64,-62,-63,-68,-72,-72,-62,-352,-349,-365,-256,-316,-343,-347,-217,-449,-435,-1336,-1254,-29975,-442,-447,-441,-450,-444,-450,-449,-437,-441,-442,-441,-439,-423,-455,-452,-538,-520,-830,-829,-814,-813,-796,-727,-1075,-810,-1152,-1100,-29967,-29969,-29964,-29968,-29967,-29968,-29980,-29980,-29981,-29984,-29983,-29983,-29992,-29988,-29991,-29992,-29993,-29994,-29994,-29991,-29991,-29990,-29990,-29991,-29991,-29992,-29997,-29998]} 1. d4 d5 2. c4 c6 3. Nf3 Nf6 4. e3 Bf5 5. Nc3 e6 6. Nh4 Be4 7. f3 Bg6 8. Qb3 Qc7 9. Bd2 {D12: Slav Defence: 3 Nf3 Nf6 4 e3 Bf5.} Be7 10. Nxg6 hxg6 11. O-O-O {The position is equal.} dxc4 12. Bxc4 b5 13. Be2 a6 14. f4 Nbd7 15. Kb1 c5 16. dxc5 Nxc5 17. Qc2 $1 Rc8 18. Bf3 O-O 19. h4 {[#]} Qa7 $146 ({Black should play} 19... Ncd7 $15 20. Qb3 Rfd8) ({Predecessor:} 19... Rfd8 20. Ne2 Qb6 21. Bc3 Na4 22. Rxd8+ Qxd8 23. Rd1 Qb6 24. Qd3 Nxc3+ {½-½ (24) Nesterov,A (2482)-Sakaev,K (2596) Khanty-Mansiysk 2019}) 20. a3 $2 {[#]} (20. h5 $14 {keeps the upper hand.}) 20... Rfd8 (20... Na4 $1 $17 {[%mdl 512]} 21. Rh3 (21. Nxa4 Rxc2) 21... Bxa3 $1 {[%mdl 512]} 22. bxa3 Qc5 {[%mdl 64] Double Attack}) 21. g4 $15 Nd3 22. Rh2 ({White should try} 22. Bc1 $15 Nxc1 23. Qxc1) 22... b4 23. axb4 Nxb4 24. Qa4 Nd3 $1 25. Rdh1 $2 (25. Qc2 $17) 25... Rb8 26. Nd1 Nc5 27. Qc2 {h5 is the strong threat.} Nb3 $1 28. h5 Qd7 $2 (28... Nxd2+ 29. Rxd2 Rdc8 30. Qd3 $15) (28... gxh5 $19 {aiming for ...Qd7.} 29. g5 Qd7 30. gxf6 Bxf6 31. Rxh5 g6) 29. hxg6 fxg6 (29... Nxd2+ $6 30. Qxd2 fxg6 31. Qc2 $16) 30. Rh8+ Kf7 31. Rxd8 Bxd8 ({But not} 31... Qa4 32. Qc6 $11) 32. Bc3 $2 {[%mdl 8192] White is now going downhill.} (32. Rh2 $1 $15) 32... Qa4 $19 {[%csl Gb3][%cal Ra4a1]} 33. Qg2 Ba5 $40 {[%mdl 128] Black has strong attack.} 34. Bxa5 Qa1+ ({And not} 34... Nxa5 35. f5 $1 $11 {[%mdl 512]}) ({Not} 34... Qxa5 35. Nc3 $17) 35. Kc2 Nxa5 {[%cal Bb3a5,Ba5c4,Bc4e3][%mdl 32]} 36. g5 $2 (36. Qe2 {was necessary.}) 36... Nc4 {Threatens to win with ...Nxe3+!} 37. gxf6 {[#]} (37. Bb7 $142 Ng4 38. Kd3) 37... Nxe3+ $1 {[%mdl 512]} 38. Nxe3 Rxb2+ (38... Qxb2+ $142 39. Kd1 Qb1+ 40. Kd2 Rb2+ {[%mdl 64] Skewer} 41. Kc3 Rb3+ 42. Kd2 Qd3+ 43. Ke1 Qxe3+ {[%mdl 64] Double Attack} 44. Kd1 Rb1+ 45. Kc2 Qb3+ 46. Kd2 Rb2+ {[%mdl 64] Skewer} 47. Ke1 Qc3+ {[%mdl 64] Double Attack} 48. Kd1 Rb1+ 49. Ke2 Qc2+ 50. Ke3 Rb3+ 51. Kd4 Qc3+ {[%mdl 64] Double Attack} 52. Ke4 Qe3#) 39. Kd3 Qa3+ 40. Kd4 {And now Nc4! would win.} Qd6+ {[%mdl 64] Double Attack} (40... Rxg2 $2 41. Bxg2 gxf6 42. Rh7+ Kf8 43. Rh8+ Kg7 44. Rc8 $19) 41. Kc3 Rxg2 42. Bxg2 {intending fxg7.} Qxf4 43. Kd3 Qd6+ 44. Ke2 gxf6 45. Rh7+ Kg8 46. Ra7 f5 47. Bb7 (47. Ra8+ $142 Kf7 48. Rc8) 47... Qb6 48. Ra8+ Kg7 49. Bxa6 Qb2+ 50. Kf3 e5 51. Ra7+ Kh6 {Hoping for ...e4+.} 52. Be2 Qd4 {Black mates.} 53. Ra3 e4+ 54. Kg2 Qb2 {[%mdl 64] Double Attack} 55. Nxf5+ gxf5 {[%mdl 4096] Endgame KQ-KRB} 56. Ra6+ Kg5 57. Kf2 Kf4 58. Rh6 Qd4+ 59. Kf1 Qa1+ 60. Kf2 e3+ 61. Kg2 Qe1 62. Ba6 Qf2+ 63. Kh1 e2 64. Bxe2 Qxe2 65. Rh4+ Kg3 {Weighted Error Value: White=0.77/Black=0.31} 0-1